[Event "BL2-West 2324"]
[Site "Germany"]
[Date "2024.03.16"]
[Round "9.5"]
[White "Repplinger, Marc"]
[Black "Zavgorodniy, Sergiy"]
[Result "1-0"]
[WhiteElo "2158"]
[BlackElo "2416"]
[PlyCount "77"]
[EventDate "2023.10.21"]
[EventType "team-tourn"]
[EventRounds "10"]
[EventCountry "GER"]
[SourceTitle "EXT 2025"]
[Source "ChessBase"]
[SourceDate "2024.10.14"]
[SourceVersion "1"]
[SourceVersionDate "2024.10.14"]
[SourceQuality "1"]
[WhiteTeam "Koblenz"]
[BlackTeam "Siegburg"]
[WhiteTeamCountry "GER"]
[BlackTeamCountry "GER"]

1. d4 Nf6 2. c4 e6 3. g3 Bb4+ 4. Bd2 a5 5. Bg2 d5 6. Nf3 0-0 7. 0-0 dxc4 8. Bg5 Nc6 9. e3 h6 10. Bxf6 Qxf6 11. a3 Bd6 12. Nfd2 e5 13. d5 Ne7 14. Nxc4 Bd7 15. Nc3 Qg6 16. Rc1 b5 17. Nxd6 cxd6 18. Qe2 Rab8 19. b4 axb4 20. axb4 f5 21. f4 Kh8 22. Qd2 Ng8 23. e4 Nf6 24. Rce1 Rbe8 25. exf5 Bxf5 26. Nxb5 Ng4 27. h3 Bd3 28. f5 Bxf5 29. hxg4 Bxg4 30. Nc3 Rxf1+ 31. Rxf1 Bf5 32. Qe3 Rb8 33. b5 Bd3 34. Rd1 Bc4 35. Be4 Qe8 36. b6 Qc8 37. Ra1 Qg4 38. Kg2 h5 39. b7 1-0

[Event "BL2-West 2324"]
[Site "Germany"]
[Date "2023.12.03"]
[Round "4.8"]
[White "Orlov, Andrey"]
[Black "Repplinger, Marc"]
[Result "1-0"]
[WhiteElo "2499"]
[BlackElo "2158"]
[PlyCount "63"]
[EventDate "2023.10.21"]
[EventType "team-tourn"]
[EventRounds "10"]
[EventCountry "GER"]
[SourceTitle "EXT 2025"]
[Source "ChessBase"]
[SourceDate "2024.10.14"]
[SourceVersion "1"]
[SourceVersionDate "2024.10.14"]
[SourceQuality "1"]
[WhiteTeam "Duesseldorf"]
[BlackTeam "Koblenz"]
[WhiteTeamCountry "GER"]
[BlackTeamCountry "GER"]

1. e4 e6 2. d4 d5 3. Nc3 a6 4. exd5 exd5 5. Qf3 Be6 6. Bf4 Nf6 7. h3 Be7 8. Bd3 Nc6 9. Nge2 Nb4 10. 0-0-0 Nxd3+ 11. Rxd3 Qd7 12. Be5 0-0 13. Nf4 Rad8 14. Qg3 g6 15. Re3 Ne4 16. Nxe4 dxe4 17. Rxe4 Bf5 18. Re2 f6 19. Bxc7 Qxc7 20. Nd5 Qc4 21. Nxe7+ Kh8 22. Rhe1 Qxa2 23. Qc3 Qa1+ 24. Kd2 Qa4 25. Nxf5 gxf5 26. b3 Rxd4+ 27. Kc1 Qa3+ 28. Kb1 Qd6 29. Re6 Qb4 30. Qc7 Qb5 31. Re7 Rh4 32. Qg3 1-0

[Event "BL2-West 2223"]
[Site "Germany"]
[Date "2023.03.19"]
[Round "10.5"]
[White "Jogstad, Martin"]
[Black "Repplinger, Marc"]
[Result "1-0"]
[WhiteElo "2386"]
[BlackElo "2159"]
[PlyCount "59"]
[EventDate "2022.10.22"]
[EventType "team-tourn"]
[EventRounds "10"]
[EventCountry "GER"]
[SourceTitle "EXT 2024"]
[Source "ChessBase"]
[SourceDate "2023.10.10"]
[SourceVersion "1"]
[SourceVersionDate "2023.10.10"]
[SourceQuality "1"]
[WhiteTeam "Duesseldorf"]
[BlackTeam "Koblenz"]
[WhiteTeamCountry "GER"]
[BlackTeamCountry "GER"]

1. Nf3 Nf6 2. d4 e6 3. g3 d5 4. Bg2 c5 5. c4 Nc6 6. 0-0 Be7 7. dxc5 Bxc5 8. a3 dxc4 9. Qa4 Qb6 10. Ne5 Bd7 11. Nxd7 Nxd7 12. Nd2 Nde5 13. Nxc4 Nxc4 14. Qxc4 Rc8 15. e3 0-0 16. b4 Bd6 17. Qe4 Be5 18. Rb1 Bf6 19. a4 Rfd8 20. Ba3 Rc7 21. Rfc1 Rdc8 22. Rc5 a6 23. b5 Na5 24. bxa6 Qxa6 25. Bf1 Qa7 26. Rcb5 Nc4 27. Rxb7 Rxb7 28. Rxb7 Qa8 29. Bxc4 Qxa4 30. Bd3 1-0

[Event "BL2-West 1920"]
[Site "Germany"]
[Date "2021.08.07"]
[Round "8.8"]
[White "Werner, Dimo"]
[Black "Repplinger, Marc"]
[Result "1/2-1/2"]
[WhiteElo "1990"]
[BlackElo "2223"]
[PlyCount "45"]
[EventDate "2019.09.19"]
[EventType "team-tourn"]
[EventRounds "9"]
[EventCountry "GER"]
[SourceTitle "EXT 2023"]
[Source "ChessBase"]
[SourceDate "2022.10.05"]
[SourceVersion "1"]
[SourceVersionDate "2022.10.05"]
[SourceQuality "1"]
[WhiteTeam "Schott Mainz"]
[BlackTeam "Koblenz SV"]
[WhiteTeamCountry "GER"]
[BlackTeamCountry "GER"]

1. d4 e6 2. c4 d5 3. Nc3 c5 4. cxd5 exd5 5. Nf3 Nc6 6. e3 Nf6 7. Be2 Be7 8. 0-0 0-0 9. b3 Re8 10. Bb2 cxd4 11. Nxd4 Bd6 12. Rc1 Bb8 13. Nf3 Bg4 14. Rc2 a6 15. Rd2 Qc7 16. g3 Be6 17. Nd4 Nxd4 18. Rxd4 Ba7 19. Rd2 Rad8 20. Bf3 Bh3 21. Re1 d4 22. exd4 Rxe1+ 23. Qxe1 1/2-1/2

[Event "EU-Cup 35th"]
[Site "Ulcinj"]
[Date "2019.11.16"]
[Round "7.12"]
[White "Repplinger, Marc"]
[Black "Friedrich, Norbert"]
[Result "1-0"]
[WhiteElo "2211"]
[BlackElo "2263"]
[PlyCount "149"]
[EventDate "2019.11.10"]
[EventType "team-swiss"]
[EventRounds "7"]
[EventCountry "MNE"]
[SourceTitle "CBM 193 Extra"]
[Source "ChessBase"]
[SourceDate "2020.01.31"]
[SourceVersion "1"]
[SourceVersionDate "2020.01.31"]
[SourceQuality "1"]
[WhiteTeam "Echternach Sprenger"]
[BlackTeam "Zuerich SG"]
[WhiteTeamCountry "LUX"]
[BlackTeamCountry "SUI"]

1. Nf3 Nf6 2. d4 d5 3. c4 c6 4. cxd5 cxd5 5. Nc3 Nc6 6. Bf4 Nh5 7. Bd2 Nf6 8. Bf4 Nh5 9. Bd2 e6 10. Rc1 Nf6 11. Bg5 h6 12. Bxf6 Qxf6 13. e3 Bd6 14. a3 0-0 15. Bd3 Rd8 16. Bb1 Bf8 17. Ba2 Bd7 18. h4 g6 19. g4 Qe7 20. g5 h5 21. Nd2 Qd6 22. f4 Nxd4 23. exd4 Qxf4 24. Ne2 Qg4 25. Rc3 Bb5 26. Nf3 Bd6 27. Rg1 Qh3 28. Kf2 Rac8 29. Qf1 Qxf1+ 30. Rxf1 Rxc3 31. bxc3 Bxa3 32. Rb1 a6 33. Ke3 Rc8 34. Rb3 Bd6 35. Ne5 Rc7 36. Nd3 Kf8 37. Kd2 Ke7 38. Rb1 Kd8 39. Rf1 Ke7 40. Bb3 Be8 41. Rf3 Rc6 42. Nef4 Rc8 43. Ne5 Bxe5 44. dxe5 Rc5 45. Rf1 Bb5 46. Rb1 Kd8 47. Bc2 Rc8 48. Rb4 Ke7 49. Bd3 Bc6 50. Ne2 Rc7 51. Rb6 Bd7 52. Nd4 Bc8 53. Nb3 Kd8 54. Kc2 Ke7 55. Kb2 Kd8 56. Na5 Rd7 57. Rb4 Rc7 58. Nb3 Bd7 59. Rf4 Ke7 60. c4 dxc4 61. Rxc4 Rxc4 62. Bxc4 Kd8 63. Kc3 Kc7 64. Kb4 Bc6 65. Nd4 Bd7 66. Kc5 Bc8 67. Bd3 Bd7 68. Be4 Ba4 69. Nf3 Bd7 70. Nd2 Bb5 71. Bc2 b6+ 72. Kd4 Kd7 73. Ne4 Ke7 74. Nd6 Bd7 75. Bd3 1-0

[Event "EU-Cup 35th"]
[Site "Ulcinj"]
[Date "2019.11.11"]
[Round "2.17"]
[White "Repplinger, Marc"]
[Black "Noiroux, Kevin"]
[Result "1/2-1/2"]
[WhiteElo "2211"]
[BlackElo "2170"]
[PlyCount "109"]
[EventDate "2019.11.10"]
[EventType "team-swiss"]
[EventRounds "7"]
[EventCountry "MNE"]
[SourceTitle "CBM 193 Extra"]
[Source "ChessBase"]
[SourceDate "2020.01.31"]
[SourceVersion "1"]
[SourceVersionDate "2020.01.31"]
[SourceQuality "1"]
[WhiteTeam "Echternach Sprenger"]
[BlackTeam "Mosan Echiquier"]
[WhiteTeamCountry "LUX"]
[BlackTeamCountry "NED"]

1. Nf3 Nf6 2. d4 d5 3. c4 e6 4. g3 Bb4+ 5. Nbd2 dxc4 6. Qc2 b5 7. a4 c6 8. Bg2 0-0 9. axb5 cxb5 10. Ng5 h6 11. Bxa8 hxg5 12. 0-0 g4 13. Ne4 a6 14. Nxf6+ Qxf6 15. Bf4 Nd7 16. Rfd1 Nb6 17. Bg2 Nd5 18. Be5 Qe7 19. e4 Nb6 20. Bf4 Na4 21. d5 e5 22. Bd2 Bxd2 23. Qxd2 Nc5 24. d6 Qd7 25. Qc3 f6 26. b4 Nb3 27. Rab1 Qe6 28. Qe3 Bd7 29. Rb2 Nd4 30. Rbd2 Qxd6 31. Rxd4 exd4 32. Rxd4 Qe7 33. e5 fxe5 34. Bd5+ Kh8 35. Re4 Bf5 36. Rxe5 Qxb4 37. Kg2 Qd6 38. Qg5 Qf6 39. Qe3 Qd6 40. Kg1 Qf6 41. Re8 Bd3 42. h3 gxh3 43. g4 h2+ 44. Kh1 Bh7 45. g5 Qd6 46. Rxf8+ Qxf8 47. g6 Bxg6 48. Qh3+ Bh7 49. Be4 g6 50. Qe6 Kg7 51. Qe5+ Qf6 52. Qc7+ Qf7 53. Qe5+ Qf6 54. Qc7+ Qf7 55. Qe5+ 1/2-1/2

[Event "BL2-West 1819"]
[Site "Germany"]
[Date "2019.03.24"]
[Round "8.7"]
[White "Bus, Tom"]
[Black "Repplinger, Marc"]
[Result "1/2-1/2"]
[WhiteElo "2125"]
[BlackElo "2206"]
[PlyCount "92"]
[EventDate "2018.11.21"]
[EventType "team-tourn"]
[EventRounds "9"]
[EventCountry "GER"]
[SourceTitle "CBM 190 Extra"]
[Source "ChessBase"]
[SourceDate "2019.07.15"]
[SourceVersion "1"]
[SourceVersionDate "2019.07.15"]
[SourceQuality "1"]
[WhiteTeam "Muelheim Nord II"]
[BlackTeam "Koblenz"]
[WhiteTeamCountry "GER"]
[BlackTeamCountry "GER"]

1. e4 c5 2. Nf3 e6 3. d4 cxd4 4. Nxd4 Nc6 5. Nxc6 bxc6 6. Bd3 Nf6 7. 0-0 d5 8. Nd2 Be7 9. Qe2 0-0 10. Re1 Re8 11. e5 Nd7 12. c3 f5 13. exf6 Bxf6 14. Qh5 g6 15. Bxg6 hxg6 16. Qxg6+ Bg7 17. Rxe6 Nf6 18. Rxe8+ Qxe8 19. Qxe8+ Nxe8 20. Nb3 Nd6 21. Na5 Bd7 22. Bf4 Bf8 23. Re1 Kf7 24. f3 Re8 25. g4 c5 26. Nb3 Nc4 27. Re2 Bg7 28. h4 d4 29. Kg2 d3 30. Rf2 Ba4 31. h5 Bxb3 32. axb3 Na5 33. Rd2 Rd8 34. Bc7 Nxb3 35. Bxd8 Nxd2 36. Kf2 c4 37. Bg5 Nb3 38. Be3 a5 39. g5 d2 40. Ke2 Bxc3 41. g6+ Kg7 42. bxc3 a4 43. Bf4 a3 44. Be5+ Kh6 45. Bf4+ Kg7 46. Be5+ Kh6 1/2-1/2

[Event "Aegean op 41st"]
[Site "Aghios Kirykos"]
[Date "2018.07.17"]
[Round "3"]
[White "Xenakis, Nikolaos"]
[Black "Repplinger, Marc"]
[Result "0-1"]
[WhiteElo "1800"]
[BlackElo "2210"]
[PlyCount "120"]
[EventDate "2018.07.16"]
[EventType "swiss"]
[EventRounds "9"]
[EventCountry "GRE"]
[SourceTitle "CBM 186 Extra"]
[Source "ChessBase"]
[SourceDate "2018.08.24"]
[SourceVersion "1"]
[SourceVersionDate "2018.08.24"]
[SourceQuality "1"]

1. e4 c5 2. Nf3 d6 3. d4 cxd4 4. Nxd4 Nf6 5. Nc3 g6 6. Bc4 Bg7 7. f3 Nc6 8. Be3 0-0 9. Qd2 Nxd4 10. Bxd4 Be6 11. Bxe6 fxe6 12. 0-0-0 Qa5 13. Kb1 Rac8 14. Nd5 Qxd2 15. Nxf6+ Bxf6 16. Rxd2 Bxd4 17. Rxd4 Rc5 18. Rhd1 Rfc8 19. c3 Kg7 20. Ra4 a6 21. Rb4 R8c7 22. Kc2 g5 23. Kd3 Kf6 24. Ke3 b5 25. a4 bxa4 26. Ra1 a5 27. Rbxa4 Rb7 28. R1a2 Rcb5 29. Kd3 Rxb2 30. Rxa5 Rb1 31. c4 Rd1+ 32. Kc3 Rc7 33. Rc2 e5 34. Kb2 Rh1 35. h3 Rg1 36. Ra6 Rc5 37. Rb6 h5 38. Rb5 Rc7 39. Rb6 Kf7 40. Rb5 h4 41. Kc3 Ke6 42. Kd3 Kd7 43. Kc3 Ra7 44. Rb3 Kc6 45. Rcb2 Ra4 46. Rb6+ Kd7 47. R6b4 Rxb4 48. Kxb4 Kc6 49. Rc2 Rb1+ 50. Kc3 Kc5 51. Kd3 Rb3+ 52. Rc3 Rb2 53. Rc2 Rxc2 54. Kxc2 Kxc4 55. Kd2 Kd4 56. Ke2 e6 57. Kf2 d5 58. exd5 exd5 59. g3 Kd3 60. gxh4 gxh4 0-1

[Event "BL2-West 1718"]
[Site "Germany"]
[Date "2018.01.21"]
[Round "5.7"]
[White "Repplinger, Marc"]
[Black "Miedema, David"]
[Result "1/2-1/2"]
[WhiteElo "2188"]
[BlackElo "2364"]
[PlyCount "103"]
[EventDate "2017.10.08"]
[EventType "team-tourn"]
[EventRounds "9"]
[EventCountry "GER"]
[SourceTitle "CBM 183 Extra"]
[Source "ChessBase"]
[SourceDate "2018.04.19"]
[SourceVersion "1"]
[SourceVersionDate "2018.04.19"]
[SourceQuality "1"]
[WhiteTeam "Koblenz"]
[BlackTeam "Duesseldorf"]
[WhiteTeamCountry "GER"]
[BlackTeamCountry "GER"]

1. d4 e6 2. Nf3 Nf6 3. c4 d5 4. g3 dxc4 5. Bg2 Nc6 6. 0-0 Rb8 7. e3 b5 8. a4 a6 9. axb5 axb5 10. b3 cxb3 11. Qxb3 Bd6 12. Bb2 0-0 13. Rc1 Bb7 14. Ne5 Ne7 15. Bxb7 Rxb7 16. Nd3 Ne4 17. f3 Nxg3 18. hxg3 Nf5 19. f4 Nxg3 20. Kg2 Qh4 21. Qd1 f5 22. d5 Ne4 23. Qf3 exd5 24. Rh1 Qe7 25. Nc3 d4 26. exd4 Rf6 27. Ra8+ Kf7 28. Rh3 Rg6+ 29. Kh2 c6 30. Ne5+ Bxe5 31. fxe5 Qg5 32. Ne2 Nd2 33. Qf2 Rh6 34. Rxh6 Qxh6+ 35. Kg2 Qg5+ 36. Ng3 f4 37. Bc1 Qxg3+ 38. Qxg3 fxg3 39. Bxd2 b4 40. Bc1 Ke6 41. Rd8 Rd7 42. Rxd7 Kxd7 43. Kxg3 Ke6 44. Kf4 h5 45. Ke4 g6 46. Bd2 b3 47. Kd3 b2 48. Kc2 b1Q+ 49. Kxb1 c5 50. dxc5 Kxe5 51. Kc2 Kd5 52. Kd3 1/2-1/2

[Event "Oberliga Sued W 1617"]
[Site "Germany"]
[Date "2017.01.15"]
[Round "5.7"]
[White "Jahn, Peter"]
[Black "Repplinger, Marc"]
[Result "0-1"]
[WhiteElo "2068"]
[BlackElo "2196"]
[PlyCount "86"]
[EventDate "2016.09.25"]
[EventType "team-tourn"]
[EventRounds "9"]
[EventCountry "GER"]
[SourceTitle "EXT 2018"]
[Source "ChessBase"]
[SourceDate "2017.10.13"]
[SourceVersion "1"]
[SourceVersionDate "2017.10.13"]
[SourceQuality "1"]
[WhiteTeam "Heimbach Weis/Neuwied"]
[BlackTeam "Koblenz"]
[WhiteTeamCountry "GER"]
[BlackTeamCountry "GER"]

1. Nf3 d6 2. d4 f5 3. g3 Nf6 4. Bg2 e6 5. 0-0 Be7 6. c4 0-0 7. Nc3 Ne4 8. Qc2 Nxc3 9. bxc3 Nc6 10. e4 e5 11. dxe5 dxe5 12. Rd1 Qe8 13. exf5 Bxf5 14. Qe2 Qh5 15. Nd4 Qxe2 16. Nxe2 Bg4 17. Re1 Bc5 18. Be3 Bxe3 19. fxe3 Bf3 20. Bxf3 Rxf3 21. Rad1 Raf8 22. Rd7 Rxe3 23. Rxc7 e4 24. Rd1 Rxe2 25. Rdd7 Rd8 26. Rxg7+ Kf8 27. Rgf7+ Ke8 28. Kf1 Rxh2 29. Ke1 Rhd2 30. Rxh7 R2d7 31. Rxb7 Ne5 32. Rxa7 Nxc4 33. Raxd7 Rxd7 34. Rh8+ Kf7 35. Rh4 Re7 36. Ke2 Kg6 37. Rf4 Kg5 38. a4 Re5 39. a5 Nxa5 40. Ke3 Nc4+ 41. Kd4 e3 42. Rf1 Nd2 43. Rh1 Nf3+ 0-1

[Event "Oberliga Sued W 1516"]
[Site "Germany"]
[Date "2016.03.06"]
[Round "8.4"]
[White "Repplinger, Marc"]
[Black "Thiery, Christoph"]
[Result "1/2-1/2"]
[WhiteElo "2264"]
[BlackElo "2223"]
[PlyCount "119"]
[EventDate "2015.09.20"]
[EventType "team-tourn"]
[EventRounds "9"]
[EventCountry "GER"]
[SourceTitle "EXT 2017"]
[Source "ChessBase"]
[SourceDate "2016.10.25"]
[SourceVersion "1"]
[SourceVersionDate "2016.10.25"]
[SourceQuality "1"]
[WhiteTeam "Koblenz"]
[BlackTeam "Saarbruecken Gambit"]
[WhiteTeamCountry "GER"]
[BlackTeamCountry "GER"]

1. Nf3 Nf6 2. d4 e6 3. c4 b6 4. g3 Bb7 5. Bg2 Bb4+ 6. Bd2 Be7 7. Nc3 d5 8. cxd5 exd5 9. Ne5 0-0 10. 0-0 Na6 11. Qa4 Qe8 12. Qb3 c6 13. Rfe1 Qd8 14. e4 Nc7 15. Rad1 Ne6 16. Be3 Rc8 17. Bh3 Re8 18. Qc2 Bb4 19. exd5 cxd5 20. f3 Rc7 21. Rc1 Qe7 22. Qb3 Rec8 23. Bf2 Re8 24. Nd3 Bxc3 25. bxc3 Qd6 26. Ne5 Nf8 27. g4 Rce7 28. Bg3 Qd8 29. Bf1 Re6 30. Bb5 R8e7 31. Bd3 N6d7 32. Bh4 f6 33. Nxd7 Rxe1+ 34. Rxe1 Rxe1+ 35. Bxe1 Qxd7 36. Bg3 Qe7 37. Kf2 Bc6 38. h4 g6 39. Qb4 Qxb4 40. cxb4 b5 41. Bb8 a6 42. Ke3 Kf7 43. Bd6 Ne6 44. Bf1 h6 45. Bd3 g5 46. Bg3 Bd7 47. f4 Ng7 48. Be2 Ne6 49. Bf3 Bc6 50. Bd1 Ng7 51. Bb3 Ne8 52. h5 Ng7 53. Bc2 Bd7 54. Bg6+ Kf8 55. fxg5 fxg5 56. Bd6+ Kg8 57. Kf3 Be8 58. Bc2 Bd7 59. Be5 Ne8 60. Bb3 1/2-1/2

[Event "Oberliga Sued W 1516"]
[Site "Germany"]
[Date "2015.09.20"]
[Round "1.5"]
[White "Werner, Dimo"]
[Black "Repplinger, Marc"]
[Result "1/2-1/2"]
[WhiteElo "2063"]
[BlackElo "2264"]
[PlyCount "25"]
[EventDate "2015.09.20"]
[EventType "team-tourn"]
[EventRounds "9"]
[EventCountry "GER"]
[SourceTitle "CBM 170 Extra"]
[Source "ChessBase"]
[SourceDate "2016.02.25"]
[SourceVersion "1"]
[SourceVersionDate "2016.02.25"]
[SourceQuality "1"]
[WhiteTeam "Schott Mainz II"]
[BlackTeam "Koblenz"]
[WhiteTeamCountry "GER"]
[BlackTeamCountry "GER"]

1. d4 e6 2. Nf3 Nf6 3. c4 Bb4+ 4. Bd2 a5 5. a3 Bxd2+ 6. Nbxd2 d5 7. e3 0-0 8. Rc1 Nbd7 9. Qc2 c6 10. Bd3 Re8 11. 0-0 h6 12. Rfe1 e5 13. Nxe5 1/2-1/2

[Event "BL2-West 1314"]
[Site "Germany"]
[Date "2014.01.19"]
[Round "5.5"]
[White "Repplinger, Marc"]
[Black "Jakubiec, Artur"]
[Result "0-1"]
[WhiteElo "2243"]
[BlackElo "2515"]
[PlyCount "152"]
[EventDate "2013.10.13"]
[EventType "team-tourn"]
[EventRounds "9"]
[EventCountry "GER"]
[SourceTitle "EXT 2015"]
[Source "ChessBase"]
[SourceDate "2014.11.20"]
[SourceVersion "1"]
[SourceVersionDate "2014.11.20"]
[SourceQuality "1"]
[WhiteTeam "Koblenz"]
[BlackTeam "Aachen Aufwaerts"]
[WhiteTeamCountry "GER"]
[BlackTeamCountry "GER"]

1. Nf3 g6 2. d4 Bg7 3. c4 Nf6 4. Nc3 0-0 5. e4 d6 6. Be2 e5 7. 0-0 Nc6 8. dxe5 dxe5 9. Bg5 Qxd1 10. Rfxd1 Bg4 11. h3 Bxf3 12. Bxf3 h5 13. Nd5 Nh7 14. Be3 Rac8 15. Rac1 Kh8 16. c5 Nb8 17. Rd2 c6 18. Nc3 Bf6 19. Rcd1 Bg5 20. Be2 Bxe3 21. fxe3 Nf6 22. b4 Kg7 23. Bc4 Rc7 24. g3 Rd7 25. Kf2 Rxd2+ 26. Rxd2 Nbd7 27. Kf3 a5 28. a3 Ra8 29. Rb2 h4 30. gxh4 Kf8 31. Ra2 Ke7 32. Bb3 Rh8 33. Kg3 Rd8 34. Bc4 Ra8 35. Kf3 Rh8 36. Kg3 Ne8 37. Rb2 Nc7 38. Be2 Ne6 39. Ra2 Nf6 40. Rb2 Ra8 41. Bc4 axb4 42. axb4 Ra3 43. Rb3 Ra1 44. Kf3 Rh1 45. Kg2 Rc1 46. Bxe6 Kxe6 47. Kf3 Rc2 48. Na4 Rh2 49. Kg3 Ra2 50. Nc3 Rc2 51. Kf3 Nh5 52. b5 Nf6 53. bxc6 bxc6 54. Ra3 Nh5 55. Rb3 f5 56. Ra3 Nf6 57. Rb3 fxe4+ 58. Nxe4 Nxe4 59. Kxe4 Rc4+ 60. Kd3 Rxh4 61. Rb7 Rxh3 62. Rg7 Kd5 63. Rxg6 e4+ 64. Kd2 Kxc5 65. Re6 Kd5 66. Re8 c5 67. Re7 Rh2+ 68. Ke1 Kc4 69. Rxe4+ Kd3 70. Re8 c4 71. Rd8+ Kc2 72. Ra8 Rh1+ 73. Ke2 c3 74. Ra2+ Kb3 75. Ra8 c2 76. Rb8+ Ka4 0-1

[Event "Hastings Masters op 89th"]
[Site "Hastings"]
[Date "2013.12.31"]
[Round "4"]
[White "Repplinger, Marc"]
[Black "Hebden, Mark"]
[Result "0-1"]
[WhiteElo "2245"]
[BlackElo "2560"]
[PlyCount "76"]
[EventDate "2013.12.28"]
[EventType "swiss"]
[EventRounds "9"]
[EventCountry "ENG"]
[SourceTitle "CBM 158 Extra"]
[Source "ChessBase"]
[SourceDate "2014.02.28"]
[SourceVersion "1"]
[SourceVersionDate "2014.02.28"]
[SourceQuality "1"]

1. d4 Nf6 2. Nf3 g6 3. c4 Bg7 4. Nc3 0-0 5. e4 d6 6. Be2 e5 7. 0-0 Nc6 8. d5 Ne7 9. Ne1 Nd7 10. Nd3 f5 11. exf5 gxf5 12. f4 e4 13. Ne1 c5 14. dxc6 Nxc6 15. Be3 Nb6 16. Nc2 Be6 17. Nd5 Bxd5 18. cxd5 Ne7 19. Bd4 Nexd5 20. a4 a5 21. Ra3 Bxd4+ 22. Qxd4 Qf6 23. Rg3+ Kh8 24. Rg5 Qxd4+ 25. Nxd4 Nxa4 26. Nxf5 Rxf5 27. Rxf5 Ne3 28. Ra1 Nxf5 29. Rxa4 d5 30. Kf2 Kg7 31. g4 Ne7 32. Ke3 Kf6 33. Bf1 Ke6 34. Bh3 Kd6 35. g5 Ra6 36. f5 Ke5 37. f6 Ng6 38. Bd7 Rb6 0-1

[Event "BL2-West 1314"]
[Site "Germany"]
[Date "2013.12.15"]
[Round "4.3"]
[White "Zatonskih, Anna"]
[Black "Repplinger, Marc"]
[Result "0-1"]
[WhiteElo "2471"]
[BlackElo "2243"]
[PlyCount "80"]
[EventDate "2013.10.13"]
[EventType "team-tourn"]
[EventRounds "9"]
[EventCountry "GER"]
[SourceTitle "EXT 2015"]
[Source "ChessBase"]
[SourceDate "2014.11.20"]
[SourceVersion "1"]
[SourceVersionDate "2014.11.20"]
[SourceQuality "1"]
[WhiteTeam "Bochum SV 02"]
[BlackTeam "Koblenz"]
[WhiteTeamCountry "GER"]
[BlackTeamCountry "GER"]

1. d4 e6 2. c4 f5 3. g3 Nf6 4. Bg2 Bb4+ 5. Nd2 0-0 6. Nh3 d6 7. 0-0 Bxd2 8. Bxd2 Ne4 9. Be3 e5 10. Qc2 Nc6 11. Rad1 Qe7 12. d5 Nb4 13. Qb3 Na6 14. f3 Nf6 15. Kh1 Nc5 16. Qc2 g5 17. b3 h6 18. Nf2 Bd7 19. Nd3 b6 20. Nxc5 bxc5 21. Bd2 Nh5 22. e4 f4 23. g4 Nf6 24. Bc3 a5 25. Rg1 Kf7 26. Bf1 Rh8 27. Kg2 h5 28. h3 hxg4 29. fxg4 Bxg4 30. hxg4 Nxg4 31. Kf3 Ne3 32. Qc1 g4+ 33. Ke2 Qh4 34. Kd3 Qf2 35. Be2 Rh3 36. Rh1 Nxd1+ 37. Rxh3 gxh3 38. Qxd1 Rg8 39. Be1 Qe3+ 40. Kc2 Rg2 0-1

[Event "BL2-West 1314"]
[Site "Germany"]
[Date "2013.10.13"]
[Round "1.4"]
[White "Van den Doel, Erik"]
[Black "Repplinger, Marc"]
[Result "1-0"]
[WhiteElo "2564"]
[BlackElo "2243"]
[PlyCount "87"]
[EventDate "2013.10.13"]
[EventType "team-tourn"]
[EventRounds "9"]
[EventCountry "GER"]
[SourceTitle "EXT 2015"]
[Source "ChessBase"]
[SourceDate "2014.11.20"]
[SourceVersion "1"]
[SourceVersionDate "2014.11.20"]
[SourceQuality "1"]
[WhiteTeam "Koeln Porz"]
[BlackTeam "Koblenz"]
[WhiteTeamCountry "GER"]
[BlackTeamCountry "GER"]

1. e4 e6 2. d4 d5 3. Nd2 Nf6 4. e5 Nfd7 5. f4 c5 6. Ngf3 Nc6 7. Nb3 Be7 8. dxc5 Nxc5 9. Be3 Ne4 10. Bd3 0-0 11. 0-0 f5 12. exf6 Bxf6 13. c3 Ne7 14. Qc2 Nf5 15. Rae1 Nxe3 16. Rxe3 Qb6 17. Nbd4 Bd7 18. Qb3 Nc5 19. Qxb6 axb6 20. Bb1 Rac8 21. g3 Rfe8 22. Rfe1 g6 23. h4 Kf7 24. Kg2 Bc6 25. Ng5+ Bxg5 26. hxg5 Re7 27. Kf2 Rce8 28. Nf3 Kg7 29. Ne5 Nd7 30. Ng4 Bb5 31. Bc2 Bc6 32. Bd3 Nc5 33. Bc2 Ra8 34. a3 Ba4 35. Bb1 Bb3 36. Rh1 Ra4 37. Nf6 h5 38. gxh6+ Kxf6 39. h7 Rxh7 40. Rxh7 d4 41. Re5 dxc3 42. bxc3 Bd5 43. Ke3 Rc4 44. g4 1-0

[Event "BL2-West 1213"]
[Site "Germany"]
[Date "2013.04.14"]
[Round "9.5"]
[White "Repplinger, Marc"]
[Black "Krieg, Nikolaj"]
[Result "0-1"]
[WhiteElo "2245"]
[BlackElo "2348"]
[PlyCount "64"]
[EventDate "2012.10.14"]
[EventType "team-tourn"]
[EventRounds "9"]
[EventCountry "GER"]
[SourceTitle "CBM 154 Extra"]
[Source "ChessBase"]
[SourceDate "2013.06.25"]
[SourceVersion "2"]
[SourceVersionDate "2013.06.25"]
[SourceQuality "1"]
[WhiteTeam "Koblenz"]
[BlackTeam "Solingen SG II"]
[WhiteTeamCountry "GER"]
[BlackTeamCountry "GER"]

1. d4 Nf6 2. Nf3 d5 3. c4 c6 4. e3 e6 5. b3 Be7 6. Bb2 0-0 7. Bd3 Nbd7 8. 0-0 dxc4 9. bxc4 c5 10. Nc3 cxd4 11. exd4 b6 12. Re1 Bb7 13. Qe2 Re8 14. Rad1 Rc8 15. Ne5 Bb4 16. Qe3 h6 17. Re2 Qc7 18. Nb5 Qb8 19. a3 Bf8 20. Bb1 a6 21. Nc3 Rcd8 22. f4 Ba8 23. Qh3 b5 24. cxb5 axb5 25. Nxf7 Kxf7 26. Rxe6 Kg8 27. Ba2 Kh8 28. f5 Rc8 29. Rde1 b4 30. axb4 Qxb4 31. Ba1 Qxd4+ 32. Kh1 Qd2 0-1